000 00787nam a2200277 i 4500
001 C2-0135572
003 PPAK
005 20180727124042.0
008 971206s1996 my a|||| ||||| | may d
020 _a9838233420
040 _aPPAK
_beng
_cPPAK
_erda
082 0 4 _a499.2386
_223
090 0 0 _a499.2386
_bSIT
_dK
100 0 _aSiti Rosminah Abd. Wahab,
_eauthor
245 1 0 _aTam dan Tot sahabat sejati
250 _aZalina Zainal Abidin
264 1 _aPetaling Jaya, Selangor :
_bPrisma ,
_c1996
300 _a22 pages :
_billustrations ;
_c22 cm
336 _2rdacontent
_atext
337 _2rdamedia
_aunmediated
338 _2rdacarrier
_avolume
490 1 _aSiri bacalah sayang
650 1 0 _aBahasa Melayu - Readers.
830 0 _aSiri bacalah sayang
942 _ddc
_cB
999 _c42725
_d42725